000 00695nam a2200229Ia 4500
005 20240313104358.0
008 131103s9999 xx 000 0 und d
020 _a710087047
040 _aLoreto College
041 _aEnglish
082 _a371.92
_bFUR
245 _aAutistic Children,
_b
_cEdited by Barbara Eurneaux and Brian Roberts
250 _ateaching, community and research approaches
260 _aLondon
_bRoutledge & Kegan Paul
_c1977
300 _axiv,193 p.
_b illus,tables
440 _aSpecial Needs In Education
650 _aSpecial Education
651 _aStudents With Mental Disabilities
700 _aFurneaux,Barbara,ed.
850 _aLCLIB
942 _cBK
999 _c10415
_d60894